| 000 | 00559nam a22002057a 4500 | ||
|---|---|---|---|
| 003 | OSt | ||
| 005 | 20140310182929.0 | ||
| 008 | 130130t xxu||||| |||| 00| 0 eng d | ||
| 020 | _a9712337618 | ||
| 050 |
_aLB3621 _b.C957 2003 |
||
| 082 |
_aFIL 070 _bC88 2003 |
||
| 245 |
_aPamahayagang pangkampus _bpara sa mag-aaral, guro at tagapayo _cCruz, Ceciliano-Jose. |
||
| 260 |
_aManila _bRex Book Store _cc1991 |
||
| 300 |
_axx, 197 p. _c22 cm. |
||
| 521 | _aCollege | ||
| 526 | _c1210L-1700L | ||
| 541 | _j1 | ||
| 562 | _e1 | ||
| 942 |
_2lcc _cBK _kFIL |
||
| 999 |
_c17486 _d17486 |
||